50 ARCHITECTURE IDEAS YOU REALLY NEED TO KNOW (Record no. 860817)

MARC details
000 -LEADER
fixed length control field 00353nam a2200133Ia 4500
008 - FIXED-LENGTH DATA ELEMENTS--GENERAL INFORMATION
fixed length control field 230822s2009 xx 000 0 und d
020 ## - INTERNATIONAL STANDARD BOOK NUMBER
International Standard Book Number 9780000000000000
041 ## - LANGUAGE CODE
Language code of text/sound track or separate title eng
082 ## - DEWEY DECIMAL CLASSIFICATION NUMBER
Classification number 690
100 ## - MAIN ENTRY--PERSONAL NAME
Personal name WIKINSON .P.
245 ## - TITLE STATEMENT
Title 50 ARCHITECTURE IDEAS YOU REALLY NEED TO KNOW
260 ## - PUBLICATION, DISTRIBUTION, ETC.
Name of publisher, distributor, etc. AFFILIATED EAST-WEST PRESS PVT. LTD.
Date of publication, distribution, etc. 2009
300 ## - PHYSICAL DESCRIPTION
Extent 253

No items available.